000 00577nam a2200205Ii 4500
003 JO-AjNU
008 230606s9999||||xx |||||||||||||| ||und||
020 _a978-9957-414-69-6
040 _aJO-AjNU
_beng
_erda
_cJO-AjNU
041 _aeng
050 1 4 _aQA276.2009
100 3 _aALMOUSAWI,jaffar ,
_eauthor
_92392
245 0 3 _aAn Introducation to Statistics
264 3 1 _aعمان:دار البركه,2009
300 _a306p
336 _atext
_btxt
_2rdacontent
337 _aunmediated
_bn
_2rdamedia
338 _avolume
_bnc
_2rdacarrier
650 4 _a Statistics
_92393
999 _aE1254
_c1254
_d1254